000 00677nam a2200241 a 4500
008
020 _a0702023949 (pbk.)
049 _aMAIN
090 _aRB123
_bWOO
100 1 _aWoolf, Neville.
245 1 0 _aEssentials of pathology /
_cNeville Woolf, Andrew Wotherspoon and Martin Young.
260 _aEdinburgh :
_bSaunders,
_c2000.
300 _axii, 986 p. ;
_c18 cm.
500 _aIncludes index.
650 1 _aPathology.
700 _aYoung, Martin.
700 _aWotherspoon, Andrew.
907 _a.b10259004
_b16-02-11
_c09-12-08
003
005 20230120204009.0
040 _cNUST
942 _cBOOKS
_kRB123
_mWOO
999 _c115277
_d115277